| 000 | 00363nam a2200133Ia 4500 | ||
|---|---|---|---|
| 008 | 211109s9999||||xx |||||||||||||| ||und|| | ||
| 082 |
_a494.812 _bPAD.J |
||
| 100 | _aPadmakumari, J | ||
| 245 | 0 | _aBhasha Charithram | |
| 260 |
_bCurrent Book _aThrichur _c1991 |
||
| 630 | _xGeneral stack | ||
| 650 |
_aMalayalam Language _vLanguage _xHistoryMalayalam |
||
| 942 | _cBOOK | ||
| 999 |
_c54238 _d54238 |
||